000
00302nam a2200109Ia 4500
008
230303s9999 xx 000 0 und d
041
_a
eng
100
_a
TOMASI (WAYNE)
245
_a
Electronic Communication Systems : Fundamentals Trough Advanced
260
_b
UPPER SADDLEPRENTICE HALL
365
_c
RS
999
_c
178889
_d
178889